Loreto College Library, Kolkata
WEBOPAC (ONLINE PUBLIC ACCESS CATALOGUE)

Towards inclusive development (Record no. 39714)

MARC details
000 -LEADER
fixed length control field 00726nam a22002177a 4500
005 - DATE AND TIME OF LATEST TRANSACTION
control field 20141212151236.0
008 - FIXED-LENGTH DATA ELEMENTS--GENERAL INFORMATION
fixed length control field 141212b xxu||||| |||| 00| 0 eng d
020 ## - ISBN | অাই এস বি এন
ISBN | অাই এস বি এন 9788183874670
PRICE 995.00
040 ## - CATALOGING SOURCE
Original cataloging agency Loreto College
082 ## - DDC | ডিউই
Classification number | বর্গসংখ্যা 338.954
Book Number | গ্রন্থাঙ্ক SIN
100 ## - MAIN ENTRY--PERSONAL NAME | মুখ্য সংলেখ - ব্যাক্তিনাম
Personal name | ব্যাক্তিনাম Singh,Awadhesh
245 ## - TITLE STATEMENT | অাখ্যা বিবরণী
Title | অাখ্যা Towards inclusive development
Sub title | উপঅাখ্যা Perspectives,approaches and strategies for India
Statement of responsibility | লেখকের দায়িত্বের বিবরণ Awadhesh Kumar Singh,Atul Pratap Singh and G.R.Krishna
260 ## - IMPRINT | প্রকাশনা ক্ষেত্র
Place of publication | প্রকাশ স্থান New Delhi
Name of publisher | প্রকাশকের নাম Serials Publications
Date of publication | প্রকাশ কাল 2011
300 ## - PHYSICAL DESCRIPTION |
Page / Vol. No | পৃষ্ঠা / খন্ড সংখ্যা xiii,288p
Other physical details | অনান্য বাহ্যিক বিবরণ 22cm
504 ## - BIBLIOGRAPHY, ETC. NOTE
Bibliography, etc Includes bibliographical references and index
650 ## - SUBJECT ADDED ENTRY--TOPICAL TERM | বিষয় শিরোনাম - মূল বিষয়
Topical term | মূল বিষয় Inclusive development-India
700 ## - ADDED ENTRY--PERSONAL NAME | অতিরিক্ত সংলেখ - ব্
Relator code | দায়িত্ব নির্দেশক Auth
Personal name | ব্যাক্তিনাম Singh,Atul Pratap
700 ## - ADDED ENTRY--PERSONAL NAME | অতিরিক্ত সংলেখ - ব্
Relator code | দায়িত্ব নির্দেশক Auth
Personal name | ব্যাক্তিনাম Krishna,G.R.
850 ## - HOLDING INSTITUTION
Holding institution LCLIB
942 ## - ADDED ENTRY ELEMENTS (KOHA)
Koha item type Books
Holdings
Withdrawn status Lost status Source of classification Damaged status Not for loan Home library Current library Date acquired Price Total Checkouts Full call number Accession No. Date last seen Date checked out Price effective from Koha item type
    Dewey Decimal Classification     Loreto College Loreto College 12/12/2014 995.00 1 338.954 SIN 50879 43246 29/03/2016 22/04/2015 12/12/2014 Books